Lorde - The Love Club - Statistics

General Stats
  • This quiz has been taken 40 times
  • The average score is 220 of 293
Answer Stats
Lyric % Correct
the
100%
The
100%
a
96%
club
96%
club,
96%
I
96%
love
96%
you
96%
for
93%
For
93%
of
93%
Be
89%
be
89%
will
89%
Everything
85%
get
85%
Go
85%
go
85%
out
85%
part
85%
there
85%
There
85%
when
85%
When
85%
in
81%
In
81%
in,
81%
it
81%
It's
81%
it's
81%
punched
81%
are
78%
I'm
78%
My
78%
my
78%
not
78%
to
78%
want
78%
being
74%
but
74%
day,
74%
free
74%
me
74%
old
74%
same
74%
was
74%
and
70%
And
70%
as
70%
best
70%
clique,
70%
fights
70%
glow
70%
kid?
70%
kid
70%
What
70%
friend
67%
got
67%
on
67%
up
67%
who
67%
with
67%
Your
67%
your
67%
about
63%
hang
63%
is
63%
Is
63%
we'll
63%
where
63%
alone
59%
days,
59%
mother's
59%
So
59%
time
59%
you're
59%
address
56%
at
56%
forgot
56%
from
56%
girls
56%
grow
56%
other
56%
There's
56%
waiting
56%
adventure
52%
again
52%
all
52%
bitter
52%
end
52%
Except
52%
great
52%
hanging
52%
kids
52%
know
52%
make
52%
more
52%
nothing
52%
people
52%
that
52%
too
52%
choking
48%
claws
48%
don't
48%
head
48%
sitting
48%
something
48%
Take
48%
take
48%
wicked
48%
enough
44%
how
44%
pretty
44%
their
44%
watched
44%
words
44%
member,
41%
sick
41%
above
37%
back
37%
blood
37%
joined
37%
only
37%
problem
37%
throne
37%
clothes
33%
Find
33%
home
33%
pill,
33%
roll
33%
severed
33%
hiding
30%
maps
30%
places
30%
soaked,
30%
card
26%
games
26%
papers
26%
yourself
26%
salt
22%
chin
19%
ill
15%
drop
11%
ease
11%
No matching quizzes found
Score Distribution
Percent of People with Each Score
Percentile by Number Answered
Your Score History
You have not taken this quiz